书目信息 |
| 题名: |
汉西系动词结构比较研究
|
|
| 作者: | 李静 著 | |
| 分册: | ||
| 出版信息: | 北京 中国纺织出版社有限公司 2020.12 |
|
| 页数: | 296页 | |
| 开本: | 24cm | |
| 丛书名: | ||
| 单 册: | ||
| 中图分类: | H146.2 , H344.2 | |
| 科图分类: | ||
| 主题词: | 汉语--han yu--动词--对比研究--西班牙语 | |
| 电子资源: | ||
| ISBN: | 978-7-5180-8092-2 | |
| 000 | 01049nam0 2200277 450 | |
| 001 | CAL 0120217136790 | |
| 005 | 20230217093112.0 | |
| 010 | @a978-7-5180-8092-2@dCNY88 | |
| 092 | @aCN@bRt971-0911 | |
| 100 | @a20210411d2020 em y0chiy0120 ea | |
| 101 | 0 | @achi@aspa |
| 102 | @aCN@b110000 | |
| 105 | @ay a 000yy | |
| 106 | @ar | |
| 200 | 1 | @a汉西系动词结构比较研究@Ahan xi xi dong ci jie gou bi jiao yan jiu@f李静著 |
| 210 | @a北京@c中国纺织出版社有限公司@d2020.12 | |
| 215 | @a296页@d24cm | |
| 300 | @a本成果受到中国人民大学2020年度“中央高校建设世界一流大学 (学科) 和特色发展引导专项资金”支持 | |
| 320 | @a有书目 (第282-295页) | |
| 330 | @a本书在语言学层面系统深入地研究了西班牙语的系动词结构, 揭示了系动词在句法和应用层面的特性。将西语系动词与汉语对应结构进行了详细比较, 并以系动词结构为研究视角, 深入揭示汉西语言的异同点。 | |
| 606 | 0 | @a汉语@Ahan yu@x动词@x对比研究@x西班牙语 |
| 690 | @aH146.2@v5 | |
| 690 | @aH344.2@v5 | |
| 701 | 0 | @a李静@Ali jing@4著 |
| 801 | 0 | @aCN@bBJXHZP@c20230228 |
| 905 | @b1382052-5@dH146.2@e411@f4 | |
| 汉西系动词结构比较研究/李静著.-北京:中国纺织出版社有限公司,2020.12 |
| 296页;24cm |
| 本成果受到中国人民大学2020年度“中央高校建设世界一流大学 (学科) 和特色发展引导专项资金”支持 |
| ISBN 978-7-5180-8092-2:CNY88 |
| 本书在语言学层面系统深入地研究了西班牙语的系动词结构, 揭示了系动词在句法和应用层面的特性。将西语系动词与汉语对应结构进行了详细比较, 并以系动词结构为研究视角, 深入揭示汉西语言的异同点。 |
| ● |
| 相关链接 |
|
|
|
|
正题名:汉西系动词结构比较研究
索取号:H146.2/411
 
预约/预借
| 序号 | 登录号 | 条形码 | 馆藏地/架位号 | 状态 | 备注 |
| 1 | 1382052 | 213820524 | 第二样本阅览室/ [索取号:H146.2/411] | 在馆 | |
| 2 | 1382053 | 213820533 | 第四借阅区/ [索取号:H146.2/411] | 在馆 | |
| 3 | 1382054 | 213820542 | 第四借阅区/ [索取号:H146.2/411] | 在馆 | |
| 4 | 1382055 | 213820551 | 第四借阅区/ [索取号:H146.2/411] | 在馆 |